000 00408nam a2200181 i 4500
001 bg
100 1 _aHABERDITZL, Werner
245 0 _aMagnetochemie /
_cW. Haberditzl.
260 _aBerlin :
_bAkademie Verl.,
_c1968.
300 _a196 s.
490 1 _aWTB ;
_vBd.50
830 _aWTB ;
040 _cBPK
041 _apol
080 _a538
942 _cKS
008 s pl f |000 0 pol
999 _c11704
_d11704
856 _uhttp://koha.tu.koszalin.pl/cgi-bin/koha/opac-detail.pl?biblionumber=11704
_yKatalog online BPK